Historia bibliográfica de la medicina española / (Record no. 155330)

MARC details
000 -LEADER
campo de control de longitud fija 01975nam a22003375i 4500
001 - NÚMERO DE CONTROL
campo de control 155330
003 - IDENTIFICADOR DE NÚMERO DE CONTROL
campo de control ES-MaACL
005 - FECHA Y HORA DE LA ÚLTIMA TRANSACCIÓN
campo de control 20250808063534.0
008 - DATOS DE LONGITUD FIJA--INFORMACIÓN GENERAL
campo de control de longitud fija 970623m18421852sp c |||| | spa d
040 ## - FUENTE DE CATALOGACIÓN
Centro catalogador/agencia de origen CYL
Lengua de catalogación spa
Centro/agencia transcriptor CYL
080 ## - NÚMERO DE LA CLASIFICACIÓN DECIMAL UNIVERSAL
Número de la Clasificación Decimal Universal 016:61(460)
080 ## - NÚMERO DE LA CLASIFICACIÓN DECIMAL UNIVERSAL
Número de la Clasificación Decimal Universal 61(460)(091)
100 1# - ENTRADA PRINCIPAL--NOMBRE DE PERSONA
Nombre de persona Hernández Morejón, Antonio,
Fechas asociadas al nombre 1773-1836
Término indicativo de función/relación Autor
9 (RLIN) 127901
245 10 - MENCIÓN DEL TÍTULO
Título Historia bibliográfica de la medicina española /
Mención de responsabilidad, etc. obra póstuma de D. Antonio Hernández Morejón
260 ## - PUBLICACIÓN, DISTRIBUCIÓN, ETC.
Lugar de publicación, distribución, etc. Madrid :
Nombre del editor, distribuidor, etc. [s.n.],
Fecha de publicación, distribución, etc. 1842-1852
Fabricante (Imp. de la Viuda de Jordán e Hijos)
300 ## - DESCRIPCIÓN FÍSICA
Extensión 7 volúmenes :
Otras características físicas retratos ;
Dimensiones 20 cm
490 1# - MENCIÓN DE SERIE
Mención de serie Biblioteca escogida de medicina y cirugía o Colección de las mejores obras de esta ciencia
Designación de volumen o secuencia 17-23
RLIN 241606
530 ## - NOTA DISPONIBLE DE FORMULARIO FÍSICO ADICIONAL
Nota de formato físico adicional disponible Disponible en formato digital
596 #1 - NOTA AL PIE DE IMPRENTA
NOTA AL PIE DE IMPRENTA Vol. VI editado por: Imp. a cargo de Celestino G. Álvarez
-- Vol. VII editado por: Imp. a cargo de José Rodríguez
-- En todos los volúmenes ha sido recortado el nombre del impresor y en el v. I se ha reintegrado un pie de imp. que no corresponde a la obra
597 #1 - NOTA DE DESCRIPCIÓN FÍSICA
NOTA DE DESCRIPCIÓN FÍSICA Vol. I (399 páginas, [1] hoja de lámina) - v. II (381 páginas) - v. III (426 páginas, [1] hoja de lámina) - v. IV (382 páginas, [1] hoja de lámina) - v. V (388 páginas) - v. VI (484 páginas) - v. VII (438 páginas)
599 #1 - NOTA A LAS ILUSTRACIONES
NOTA A LAS ILUSTRACIONES Láminas: grabados litográficos "Lit. de J. Aragón. Leopoldo López lo lit.", retratos del autor, Vallés y Laguna
650 #4 - PUNTO DE ACCESO ADICIONAL DE MATERIA--TÉRMINO DE MATERIA
Término de materia o nombre geográfico como elemento de entrada Medicina-
Subdivisión geográfica España-
Subdivisión de forma Bibliografías
9 (RLIN) 14902
650 #4 - PUNTO DE ACCESO ADICIONAL DE MATERIA--TÉRMINO DE MATERIA
Término de materia o nombre geográfico como elemento de entrada Medicina-
Subdivisión geográfica España-
Subdivisión de forma Historia
9 (RLIN) 14903
655 #7 - TERMINO DE INDIZACIÓN--GENERO/FORMA
Datos o término principal de género/forma Bibliografías
Fuente del término tgfbne
9 (RLIN) 226825
830 #0 - PUNTO DE ACCESO ADICIONAL DE SERIE-TÍTULO UNIFORME
Título uniforme Biblioteca escogida de medicina y cirugía o Colección de las mejores obras de esta ciencia
9 (RLIN) 241606
852 ## - LOCALIZACIÓN
Ubicación ES-MaACL
Ubicación en estantería Sala Pecera Planta 3
Número de control de estantería G-15282-88
Encuadernación Holandesa
856 4# - LOCALIZACIÓN Y ACCESO ELECTRÓNICOS
Identificador Uniforme de Recursos <a href="https://bdh-rd.bne.es/viewer.vm?id=0000140939&page=1">https://bdh-rd.bne.es/viewer.vm?id=0000140939&page=1</a>
Texto de enlace Versión en línea
Nota pública (Biblioteca Digital Hispánica)
942 ## - ELEMENTOS DE ENTRADA SECUNDARIOS (KOHA)
Fuente del sistema de clasificación o colocación Clasificación decimal universal
Tipo de ítem Koha Libro impreso antiguo
Suprimir en OPAC No
Holdings
Estatus retirado Estado de pérdida Estado de daño No para préstamo Colección Biblioteca de origen Biblioteca actual Ubicación en estantería Fecha de adquisición Total de préstamos Signatura topográfica completa Código de barras Visto por última vez Precio de reemplazo Tipo de ítem Koha
        Libros del s. XIX Biblioteca del Ateneo de Madrid Biblioteca del Ateneo de Madrid Sala Pecera Planta 3 17/01/2008   G-15282-88 1162482 23/02/2023 23/02/2023 Libro impreso antiguo